000
00276nam a2200121Ia 4500
008
190216s9999||||xx |||||||||||||| ||und||
100
_a
Viswanand
245
0
_a
Hindi-Kargil Katha Anya Kavithayam
260
_b
Deva Prakashan
300
_a
68
650
_a
Hindi
942
_c
BK
999
_c
16310
_d
16310